Discapacidad por daǫ sobrevenido y sus efectos en el m̀bito jurd̕ico laboral

Detalles Bibliográficos
Autor principal: Rodrg̕uez Ruiz, Elva
Formato: eBook
Lenguaje:español
Publicado: Madrid: Editorial Universitaria Ramn̤ Areces, 2017
Materias:
Acceso en línea:Acceso restringido

MARC

LEADER 00000nam a22000007a 4500
005 20180928001723.0
007 cr|||| ||||
008 180928s2017 es |||||s|||| 00||0 spa d
020 |a 978-84-9961-264-5 
035 |a 22026 
040 |a vLex 
090 |c 8142  |d 8142 
100 1 |a Rodrg̕uez Ruiz, Elva 
245 1 0 |a Discapacidad por daǫ sobrevenido y sus efectos en el m̀bito jurd̕ico laboral  |h [Recurso electrn̤ico] /  |c Elva Rodrg̕uez Ruiz 
256 |a Servicio en ln̕ea 
260 |a Madrid:  |b Editorial Universitaria Ramn̤ Areces,  |c 2017 
300 |a 1 recurso electrn̤ico 
500 |a Esta obra es la primera que estudia sistemt̀icamente el RDL 1/2013, de 29 de noviembre, por el que se aprueba el Texto Refundido de la Ley General de derechos de las personas con discapacidad y de su inclusin̤ social. La autora ofrece una nueva perspectiva, recogiendo třminos como “personas con diversidad funcional” y la supresin̤ de la causa de extincin̤ contractual laboral automt̀ica por discapacidad sobrevenida. 
506 1 |a Disponible solo en los productos indicados  |d vLex Global  |d vLex Global (Academic Edition, excluding Law Schools)  |d vLex Global (U.S. Academic Edition, Law Schools)  |d vLex Global (U.S. Academic Edition, excluding Law Schools)  |d vLex Global (Academic Edition, Law Schools) 
650 0 4 |a Derecho Civil  |z Espaą 
650 0 4 |a Derecho Laboral y Seguridad Social  |z Espaą 
740 0 |a vLex Libros (Servicio en ln̕ea) 
856 4 0 |u http://vlex.com/source/discapacidad-por-da-o-sobrevenido-y-sus-efectos-en-el-ambito-juridico-laboral-22026  |z Acceso restringido 
942 |c BOOK 
999 0 |a Civil Law 
999 0 |a Labor Law and Social Security